000 00899nam a2200277Ia 4500
003 OSt
005 20221005074143.0
006 a|||||r|||| 00| 0
007 ta
008 221004b |||||||| |||| 00| 0 eng d
020 _a9789382120711 (hbk)
_c2495
024 _a24593
037 _b880, 31/12/2015, Selectbook Service Syndicate
_cTextual
040 _aCRL
_cCRL
_beng
041 _2eng
_aeng
082 _aO111:g(P:795), Q5.1
100 _aMishra Sushant Kumar
_940457
245 0 _aEnquiries in literature and translation
260 _aNew Delhi
_bLakshi Pub India
_c2015
300 _axi, 544p.
_ccm.
490 _vVol.1 -2
650 _aENGLISH LITERATURE
700 _a Mishra Awadesh
_9608610
942 _hO111:g(P:795), Q5.1
_cTEXL
_2cc
999 _c982259
_d982259